Cơ học kết cấu

Sách cung cấp những kiến thức cần thiết về các vấn đề có liên quan đến các khâu từ thiết kế đến thi công, giúp các kỹ sư và sinh viên thuộc ngành xây dựng cơ bản nghiên cứu và luyện tập khả năng phân tích chất chịu lực của kết cấ...

Deskribapen osoa

Gorde:
Xehetasun bibliografikoak
Egile nagusia: Nguyễn, Văn Phượng
Formatua: Liburua
Hizkuntza:Undetermined
Argitaratua: Hà Nội Xây dựng 2013
Gaiak:
Etiketak: Etiketa erantsi
Etiketarik gabe, Izan zaitez lehena erregistro honi etiketa jartzen!
Thư viện lưu trữ: Trung tâm Học liệu Trường Đại học Cần Thơ
LEADER 01087nam a2200205Ia 4500
001 CTU_199889
008 210402s9999 xx 000 0 und d
020 |c 75000 
082 |a 624.171 
082 |b Ph561/T.1 
100 |a Nguyễn, Văn Phượng 
245 0 |a Cơ học kết cấu 
245 0 |c Nguyễn Văn Phượng 
260 |a Hà Nội 
260 |b Xây dựng 
260 |c 2013 
520 |a Sách cung cấp những kiến thức cần thiết về các vấn đề có liên quan đến các khâu từ thiết kế đến thi công, giúp các kỹ sư và sinh viên thuộc ngành xây dựng cơ bản nghiên cứu và luyện tập khả năng phân tích chất chịu lực của kết cấu với các nguyên nhân tác dụng thường gặp trong thực tế,. 
650 |a Mechanics, Analytic,Cơ khí, Phân tích,Mechanics, Applied,Cơ khí, Ứng dụng 
904 |i Bằng 
980 |a Trung tâm Học liệu Trường Đại học Cần Thơ